00922cam a22002531 450000100060000000300080000600500170001400800390003103500190007003500190008904000320010804100080014008200260014810000290017424500680020326000610027130000600033250000290039250000440042165000260046594200120049199900170050395201480052019965BD-RjUL20211209000514.0140226r19461919enk 000 0 eng a(BD-RjUL)20026 a(OCoLC)4508424 aDLCcOCldDLCdBD-RjULbeng aeng a821.8 bBRP V-1 1889 1 aBrowning, Robert.96137000aPoems and Plays /cby Robert BrowningnVolume One, 1833 - 1844. aLondon ;aNew York :bJ. M. Dent ;bE. P. Dutton,c1889. a2 v. :bfronts. (v. 1, port.; v. 2, col. pl.) ;c21 cm. aVol. 2 has title: Poems. aSketch of author's life at end of v. 2. 0aEnglish drama.961371 2ddccBK c19965d19965 00102ddc40718FICaRUCLbRUCLcReadingd1955-09-14eB. H. Bluckwellg65.00l0o821.8 BRP V-1 1889r2014-02-26 00:00:00tC-1w2014-02-26yBK